Top 30 : Lil Wayne - Statistiques

Statistiques générales
  • Ce quiz a été pris 6 fois
  • Le résultat moyen est 9 sur 30
Statistiques - réponses
Top Titres Featuring % Correct
9 A Milli
83%
3 Love Me Drake, Future
83%
2 Sucker for Pain Wiz Khalifa, Imagine Dragons, X Ambassadors, Logic, Ty Dolla $ign
67%
6 Forever Drake, Kanye West, Eminem
50%
1 I'm the One DJ Khaled, Justin Bieber, Quavo, Chance the Rapper
50%
8 Lollipop Static Major
50%
10 Mirror Bruno Mars
50%
14 She Will Drake
50%
13 6 Foot 7 Foot Cory Gunz
33%
11 The Motto Drake
33%
5 Whats Poppin Jack Harlow, Tory Lanez, DaBaby
33%
22 All The Time Jeremih, Natasha Mosley
17%
19 Beware Big Sean, Jhené Aiko
17%
28 Codeine Dreaming Kodak Black
17%
4 Down Jay Sean
17%
26 How To Love
17%
25 HYFR (Hell Ya Fucking Right) Drake
17%
30 I'm On One DJ Khaled, Drake, Rick Ross
17%
17 Let Me Love You Ariana Grande
17%
18 Look At Me Now Chris Brown, Busta Rhymes
17%
7 Loyal Chris Brown, Tyga
17%
24 Mrs. Officer Bobby V., Kidd Kidd
17%
21 No Love Eminem
17%
15 No Problem Chance the Rapper, 2 Chainz
17%
12 Only Nicki Minaj, Chris Brown, Drake
17%
27 Right Above It Drake
17%
29 Scared of the Dark Ty Dolla $ign, XXXTENTACION
17%
20 Sticky Tyler, The Creator, GloRilla, Sexyy Red
17%
23 Truffle Butter Nicki Minaj, Drake
17%
16 You Lloyd
17%
Aucun quiz correspondant
Distribution des résultats
% des personnes avec chaque résultat
Percentile par nombre de réponses
Votre historique - résultats
Vous n’avez pas pris ce quiz